Normal view
MARC view
- الايعالي ، فايز
Entry Personal Name
001 - CONTROL NUMBER
- control field: 46447
003 - CONTROL NUMBER IDENTIFIER
- control field: JO-AjAnu
005 - DATE AND TIME OF LATEST TRANSACTION
- control field: 20230606081657.0
008 - FIXED-LENGTH DATA ELEMENTS
- fixed length control field: 230606|| aca||aabn | a|a d
040 ## - CATALOGING SOURCE
- Original cataloging agency: JO-AjAnu
- Transcribing agency: JO-AjAnu
100 ## - HEADING--PERSONAL NAME
- Personal name: الايعالي ، فايز
670 ## - SOURCE DATA FOUND
- Source citation: Work cat.: (JO-AjAnu)23774: الايعالي ، فايز , author, متى يفترض أمين السجل العقاري سقوط حق عيني مسجل ؟ المادة 28 من القرار رقم 188 تاريخ 1926/3/15